COT business časopis pro profesionály v cestovním ruchu

Guardado en:
Detalles Bibliográficos
Formato: Seriadas
Lenguaje:inglés
Publicado: Praha C.O.T. media
Materias:
Etiquetas: Agregar Etiqueta
Sin Etiquetas, Sea el primero en etiquetar este registro!

MARC

LEADER 00000nas1a2200000$$$4500
001 0040154
005 20240709085453.0
022 |a 1212-4281 
041 0 |a eng 
044 |a CZ 
245 1 0 |a COT business  |b časopis pro profesionály v cestovním ruchu 
264 1 |a Praha  |b C.O.T. media 
610 2 0 |a ruch cestovný 
610 2 0 |a Česko